Paesi della famiglia reale ottomana - Statistics

Statistiche generali
  • Questo quiz è stato fatto 28 volte
    24 dall'ultimo reset
  • Il punteggio medio è 8 su 13
Statistiche sulle risposte
Hint Risposta % Corretto
Europa Grecia
91%
Europa / Asia Turchia
91%
Europa Bulgaria
77%
Asia Georgia
73%
Europa Romania
73%
Europa / Asia Russia
73%
Europa Serbia
73%
Europa Italia
68%
Europa Francia
64%
Europa Kosovo
55%
Asia India
32%
Europa Bosnia Erzegovina
9%
Europa Ucrania
5%
Nessun quiz corrispondente trovato
Distribuzione punteggi
Percentuale di utenti per punteggio
Percentile per numero di risposta
I tuoi punteggi nel tempo
Non hai fatto questo quiz dall'ultimo reset